02539cam a2201081   4500003000900000005001700009008004100026020001800067040004100085080001400126082002400140100004100164245005500205250002200260264003300282300003900315504003100354505039000385526000900775526000900784526000900793526000900802526000900811526000900820526000900829526000900838526000900847526000900856526000900865526000900874526000900883526000900892526000900901526000900910526000900919526000900928526000900937526000900946526000900955526000900964526000900973526000900982526000900991526000901000526000901009526000901018526000901027526000901036526000901045526000901054526000901063526000901072526000901081526000901090526000901099526000801108526000801116526000801124526000801132526000801140526000801148526000801156526000801164526000801172526000801180526000801188526000801196526000801204526000801212526000801220526000801228526000801236526000801244526000801252526000801260526000801268526000801276526000801284526000801292526000801300526000801308526000801316526000801324526000801332526000801340526000801348526000801356526000801364526000801372526000801380650003101388650003801419PE-LiUPU20250813185709.0990412s1997    ve |          ||| ||spa    a9789700774947  aSpMaBNbspacPE-LiUPUerdcdPE-LiUPU  a340.132.6  21 BNPa341.4bC579l  aCisneros Farías, Germán,eautor.10aLógica jurídica /cGermán Cisneros Farías.  aQuinta edición.  aMéxico :bPorrúa,c2009.  a155 páginas :c21 centímetros.  aBibliografía: p. 147-149  aImportancia, límites y ubicación de la lógica en el derecho -- Del concepto formal al concepto jurídico -- Los grandes principios lógicos, aplicados al derecho -- El juicio lógico jurídico -- Los silogismos jurídicos -- Los argumentos lógico jurídicos y los sofismas -- La demostración lógica de la verdad procesal -- La lógica de la integralidad del derecho.  aP202  aP201  aP163  aP162  aP161  aP160  aP148  aP147  aP146  aP145  aP144  aP143  aP142  aP141  aP140  aP139  aP138  aP137  aP136  aP135  aP134  aP133  aP129  aP128  aP127  aP120  aP119  aP118  aP116  aP115  aP114  aP110  aP109  aP108  aP104  aP103  aP102  aP99  aP98  aP97  aP96  aP95  aP93  aP90  aP89  aP88  aP83  aP82  aP62  aP59  aP58  aP57  aP51  aP49  aP48  aP47  aP29  aP24  aP20  aP19  aP17  aP15  aP14  aP12  aP10  aP09  aP08  aP07  aP06  aP05  aP04  aP0117aLógica jurídica2embne27aArgumentación jurídica2embne